Regulatory Realities: (Record no. 354210)

000 -LEADER
fixed length control field nam a22 7a 4500
003 - CONTROL NUMBER IDENTIFIER
control field NUST
005 - DATE AND TIME OF LATEST TRANSACTION
control field 20180117092256.0
008 - FIXED-LENGTH DATA ELEMENTS--GENERAL INFORMATION
fixed length control field 180117b xxu||||| |||| 00| 0 eng d
020 ## - INTERNATIONAL STANDARD BOOK NUMBER
International Standard Book Number 1853834580 , 1853834572
040 ## - CATALOGING SOURCE
Transcribing agency 0
082 ## - DEWEY DECIMAL CLASSIFICATION NUMBER
Classification number 628 GOU
100 ## - MAIN ENTRY--PERSONAL NAME
Personal name Gouldson,Andrew
9 (RLIN) 8457
245 ## - TITLE STATEMENT
Title Regulatory Realities:
Remainder of title The Implementation and Impact of Industrial Environmental Regulation
Statement of responsibility, etc. Andrew Gouldson
260 ## - PUBLICATION, DISTRIBUTION, ETC.
Place of publication, distribution, etc. London
Name of publisher, distributor, etc. Earthscan
Date of publication, distribution, etc. 1998.
300 ## - PHYSICAL DESCRIPTION
Extent 173p.
500 ## - GENERAL NOTE
General note P.B
942 ## - ADDED ENTRY ELEMENTS (KOHA)
Source of classification or shelving scheme
Koha item type Book
Call number prefix IESE
Holdings
Withdrawn status Lost status Source of classification or shelving scheme Damaged status Not for loan Collection code Permanent Location Current Location Shelving location Date acquired Total Checkouts Full call number Barcode Date last seen Price effective from Koha item type
            Institute of Environmental Science and Engineering (IESE) Institute of Environmental Science and Engineering (IESE) General Stacks 01/17/2018   628 GOU IESE-335 01/17/2018 01/17/2018 Book
© 2023 Central Library, National University of Sciences and Technology. All Rights Reserved.